Chef d'Etat (ou équivalent) sortis de Sciences Po - Statistiques

Statistiques générales
  • Ce quiz a été pris 133 fois
  • Le résultat moyen est 6 sur 15
Statistiques - réponses
Hint Réponse % Correct
Président de la République (en fonction) Emmanuel Macron
97%
Président de la République (1995-2007) Jacques Chirac
96%
Président de la République (2012-2017) François Hollande
95%
Président de la République (1981–1995) François Mitterand
89%
Président de la République (1969-1974) Georges Pompidou
86%
Premier ministre du Canada (1968–1979, 1980–1984) Pierre Trudeau
41%
Présidente du parlement européen (1979–1984) Simone Veil
36%
Président de la République tunisienne (1957 -1987) Habib Bourguiba
15%
Présidente du parlement européen (1999–2001) Nicole Fontaine
3%
Premier ministre iranien (1951–1953) Mohammad Mosaddegh
2%
Présidente de la Géorgie (en fonction) Salomé Zourabichvili
2%
Premier ministre du Luxembourg (1959–1974, 1979–1984) Pierre Werner
1%
Premier ministre du Luxembourg (1959–1974, 1979–1984) Pierre Werner
1%
Empereur du Vietnam (1926–1955) Bảo Đại
0%
Présidente du Sri Lanka (1995 - 2005) Chandrika Bandaranaike Kumaratunga
0%
Aucun quiz correspondant
Distribution des résultats
% des personnes avec chaque résultat
Percentile par nombre de réponses
Votre historique - résultats
Vous n’avez pas pris ce quiz